[Event "Patrimonio op 2nd"]
[Site "Alcala de Henares"]
[Date "2007.10.09"]
[Round "3"]
[White "Rabadan Velasco, Raul"]
[Black "Krivoshey, Sergei"]
[Result "0-1"]
[WhiteElo "2307"]
[BlackElo "2484"]
[PlyCount "66"]
[EventDate "2007.10.07"]
[EventType "swiss"]
[EventRounds "9"]
[EventCountry "ESP"]
[SourceTitle "EXT 2008"]
[Source "ChessBase"]
[SourceDate "2007.11.25"]
[SourceVersion "1"]
[SourceVersionDate "2007.11.25"]
[SourceQuality "1"]

1. d4 d5 2. c4 c6 3. Nf3 Nf6 4. Nbd2 Bf5 5. g3 e6 6. Bg2 Nbd7 7. Nh4 Bg4 8. h3 Bh5 9. g4 Ng8 10. gxh5 Qxh4 11. Qb3 Rb8 12. Nf3 Qxh5 13. Bf4 dxc4 14. Qxc4 Qa5+ 15. Kf1 Rc8 16. b4 Qa4 17. a3 Ngf6 18. Ng5 Nb6 19. Qa2 Nbd5 20. Bd2 Be7 21. Qb1 Qa6 22. Qb3 Rd8 23. Nf3 0-0 24. Rc1 Nb6 25. Kg1 Qxe2 26. a4 Ne4 27. Be1 Nd6 28. Bf1 Qe4 29. a5 Nd7 30. Bd3 Qd5 31. Qd1 a6 32. Ne5 Nxe5 33. Rc5 Qxd4 0-1

[Event "Mainz Ordix op 14th"]
[Site "Mainz"]
[Date "2007.08.19"]
[Round "8"]
[White "Krivoshey, Sergei"]
[Black "Gyimesi, Zoltan"]
[Result "1/2-1/2"]
[WhiteElo "2500"]
[BlackElo "2607"]
[PlyCount "90"]
[EventDate "2007.08.18"]
[EventType "swiss (rapid)"]
[EventRounds "11"]
[EventCountry "GER"]
[SourceTitle "CBM 119 Extra"]
[Source "ChessBase"]
[SourceDate "2007.09.04"]
[SourceVersion "1"]
[SourceVersionDate "2007.09.04"]
[SourceQuality "1"]

1. Nf3 Nf6 2. c4 e6 3. Nc3 d5 4. d4 dxc4 5. e4 Bb4 6. Bg5 c5 7. e5 cxd4 8. Nxd4 Qa5 9. exf6 Bxc3+ 10. bxc3 Qxg5 11. fxg7 Qxg7 12. Qd2 0-0 13. Bxc4 Bd7 14. 0-0 Nc6 15. Nf5 exf5 16. Qxd7 Ne5 17. Qb5 a6 18. Qb4 Nf3+ 19. Kh1 Nd2 20. Rfd1 Ne4 21. Kg1 Qxc3 22. Qxc3 Nxc3 23. Rd3 Ne4 24. Rd5 Rac8 25. Bb3 Rc5 26. Rad1 Rxd5 27. Rxd5 Rc8 28. g3 Nc5 29. Bc2 b5 30. Bxf5 Rc7 31. Rd6 Kg7 32. h4 b4 33. Rb6 Rb7 34. Rxb7 Nxb7 35. Kf1 Nc5 36. Ke2 h6 37. f4 a5 38. Kd2 Kf6 39. Bc2 a4 40. g4 b3 41. g5+ Kg7 42. axb3 axb3 43. Bf5 hxg5 44. fxg5 f6 45. gxf6+ Kxf6 1/2-1/2

[Event "Mainz Ordix op 14th"]
[Site "Mainz"]
[Date "2007.08.18"]
[Round "4"]
[White "Krivoshey, Sergei"]
[Black "Kamsky, Gata"]
[Result "0-1"]
[WhiteElo "2500"]
[BlackElo "2718"]
[PlyCount "98"]
[EventDate "2007.08.18"]
[EventType "swiss (rapid)"]
[EventRounds "11"]
[EventCountry "GER"]
[SourceTitle "CBM 119 Extra"]
[Source "ChessBase"]
[SourceDate "2007.09.04"]
[SourceVersion "1"]
[SourceVersionDate "2007.09.04"]
[SourceQuality "1"]

1. d4 Nf6 2. Nf3 d5 3. c4 c6 4. Qb3 Qb6 5. Nc3 dxc4 6. Qxc4 Bg4 7. e4 Bxf3 8. gxf3 e6 9. Be3 Nbd7 10. 0-0-0 Qb4 11. Rg1 Qxc4 12. Bxc4 Rc8 13. Kb1 a6 14. Bb3 g6 15. d5 e5 16. f4 Bd6 17. dxc6 Rxc6 18. Bd5 Nxd5 19. exd5 Rc4 20. fxe5 Bxe5 21. h3 f5 22. Ne2 Kf7 23. b3 Rcc8 24. Bd4 Rhe8 25. Rge1 Bd6 26. Be3 Nf6 27. Ng1 Bb4 28. Rf1 Red8 29. d6 Rxd6 30. Rxd6 Bxd6 31. Nf3 Ne4 32. Bd4 g5 33. Kb2 h5 34. Ne1 Bf4 35. Nc2 Kg6 36. f3 Nc5 37. b4 Ne6 38. Bc3 Bg3 39. Rg1 h4 40. Rd1 Rd8 41. Re1 Nf4 42. Re7 Nd5 43. Rg7+ Kh6 44. Rxb7 Nxc3 45. Kxc3 g4 46. fxg4 fxg4 47. hxg4 h3 48. Ne3 Be5+ 49. Kc2 h2 0-1

[Event "Sort op 3rd"]
[Site "Sort"]
[Date "2007.07.02"]
[Round "9"]
[White "Krivoshey, Sergei"]
[Black "Gupta, Abhijeet"]
[Result "1/2-1/2"]
[WhiteElo "2500"]
[BlackElo "2472"]
[PlyCount "156"]
[EventDate "2007.06.25"]
[EventType "swiss"]
[EventRounds "10"]
[EventCountry "ESP"]
[SourceTitle "EXT 2010"]
[Source "ChessBase"]
[SourceDate "2010.11.25"]
[SourceVersion "1"]
[SourceVersionDate "2010.11.25"]
[SourceQuality "1"]

1. Nf3 Nf6 2. c4 c5 3. g3 d5 4. d4 cxd4 5. Bg2 dxc4 6. Qxd4 Qxd4 7. Nxd4 e6 8. Nb5 Na6 9. Nd2 Bb4 10. 0-0 Ke7 11. Nxc4 Bd7 12. Nd4 Nd5 13. Ne5 Rhd8 14. Nxd7 Rxd7 15. a3 Bc5 16. Nf3 f6 17. b4 Bb6 18. Bb2 Rc8 19. Rfc1 Rdc7 20. Rxc7+ Rxc7 21. Rc1 Rxc1+ 22. Bxc1 Nc3 23. Kf1 Nc7 24. Nd2 N7d5 25. Ne4 Na4 26. Nd2 Bc7 27. Nb3 b5 28. Be4 g6 29. Bd3 a6 30. h4 f5 31. e4 Ndb6 32. exf5 exf5 33. h5 Be5 34. Ke2 Kd6 35. Kd1 Kd5 36. Kc2 Nc4 37. hxg6 hxg6 38. Bf1 Kd6 39. Bg2 Nab2 40. Bxb2 Bxb2 41. Bb7 Bxa3 42. Bxa6 Bxb4 43. Kd3 Ne5+ 44. Ke2 Kc6 45. f3 Bc3 46. Bc8 Kd5 47. f4 Nf7 48. Kd3 Be1 49. g4 Nd6 50. Bd7 Bf2 51. gxf5 gxf5 52. Nd2 b4 53. Nb3 Bb6 54. Nd2 Bd8 55. Ba4 Ke6 56. Bb3+ Kf6 57. Bd5 Bc7 58. Nb3 Nb5 59. Kc4 Nc3 60. Bf3 Bd6 61. Nd4 Nb1 62. Nb3 Na3+ 63. Kd5 Bxf4 64. Kc5 Nc2 65. Bd1 Ne3 66. Bf3 Bg3 67. Kxb4 Be1+ 68. Kc5 Ke5 69. Nc1 Kf4 70. Bc6 Kg3 71. Nd3 Bc3 72. Bb7 f4 73. Nxf4 Kxf4 74. Bc6 Ke5 75. Bh1 Bd4+ 76. Kc6 Nc2 77. Kb5 Ba7 78. Kc4 Ne3+ 1/2-1/2